Физико-химические свойства индивидуальных углеводородов; Вып. 4

Λεπτομέρειες βιβλιογραφικής εγγραφής
Άλλοι συγγραφείς: Тиличеев М. Д. Мстислав Дмитриевич (редактор)
Γλώσσα:Ρωσικά
Έκδοση: Москва, Гостоптехиздат, 1953
Θέματα:
Μορφή: Βιβλίο
KOHA link:https://koha.lib.tpu.ru/cgi-bin/koha/opac-detail.pl?biblionumber=174800

MARC

LEADER 00000nam0a2200000 4500
001 174800
005 20231101223202.0
035 |a (RuTPU)RU\TPU\book\189548 
090 |a 174800 
100 |a 20100204d1953 k y0rusy50 ca 
101 0 |a rus 
102 |a RU 
105 |a a z 001zy 
200 1 |a Физико-химические свойства индивидуальных углеводородов  |h Вып. 4  |f под ред. М. Д. Тиличеева 
210 |a Москва  |c Гостоптехиздат  |d 1953  |a Ленинград 
215 |a 436 с.  |c ил. 
320 |a Библиогр.: с. 367-374. 
606 1 |a Углеводороды  |x Физико-химические свойства  |x (химия)  |2 stltpush  |3 (RuTPU)RU\TPU\subj\75987  |9 87468 
610 1 |a индивидуальные углеводороды 
610 1 |a испарение 
610 1 |a теплота 
610 1 |a насыщенные пары 
610 1 |a давление 
610 1 |a поглощение 
610 1 |a спектры 
675 |a 547.2/.3:544  |v 3 
702 1 |a Тиличеев  |b М. Д.  |g Мстислав Дмитриевич  |4 340 
801 1 |a RU  |b 63413507  |c 20100204 
801 2 |a RU  |b 63413507  |c 20190623  |g RCR 
942 |c BK